000 00766cam a2200217 a 4500
001 000005002
005 20200929151545.0
008 860709s1986 pr b 000 p spa
020 _a086581063X
040 _aDO-SdBNP
_cDLC
_dDLC
082 _aPR861.44
_bG643p, 1986
100 1 _aGonzález, José Emilio
_93523
245 1 3 _aLa poesía contemporánea de Puerto Rico, 1930-1960 /
_cJosé Emilio González.
250 _a2a ed.
260 _aSan Juan, Puerto Rico :
_bInstituto de Cultura Puertorriqueña,
_c1986.
300 _a531 p. ;
_c22 cm.
504 _aIncluye referencias bibliográficas (p. 491-531).
650 4 _aPoesía puertorriqueña
_xHistoria y crítica
_98219
650 4 _aLiteratura puertorriqueña
_9250
910 _aCatalogación por copia / LC
999 _c4808
_d4808